Countries with coyotes - Statistics

General Stats
  • This quiz has been taken 30 times
  • The average score is 9 of 10
Answer Stats
Answer % Correct
United States
100%
Canada
96%
Mexico
96%
Belize
88%
Costa Rica
88%
Panama
88%
Nicaragua
83%
El Salvador
79%
Guatemala
79%
Honduras
75%
No matching quizzes found
Score Distribution
Percent of People with Each Score
Percentile by Number Answered
Your Score History
You have not taken this quiz